[Event "Over The Hill Gang"]
[Site "SchemingMind.com"]
[Date "2014.11.11"]
[Round "-"]
[White "Phillip Beckett"]
[Black "David Carter"]
[Result "0-1"]
[WhiteCountry "ENG"]
[BlackCountry "USA"]
[WhiteElo "1540"]
[WhiteRD "50"]
[BlackElo "2117"]
[BlackRD "76"]
[GameID "368791"]

1. e4 e5 2. Nf3 Nc6 3. Bb5 a6 4. Bxc6 dxc6 5. d4 exd4 6. Qxd4 Qxd4 7. Nxd4 Bd7 8. Be3 O-O-O 9. Nd2 f6 10. O-O-O c5
11. N4b3 b6 12. f3 Be6 13. Nb1 Bd6 14. g3 Ne7 15. Nc3 f5 16. exf5 Nxf5 17. Bg5 Rde8 18. Rhe1 h6 19. Ne4 hxg5 20. Nxg5 Bxb3
21. axb3 Rxe1 22. Rxe1 Rxh2
0-1

[Event "Over The Hill Gang"]
[Site "SchemingMind.com"]
[Date "2014.11.11"]
[Round "-"]
[White "David Carter"]
[Black "Phillip Beckett"]
[Result "1-0"]
[WhiteCountry "USA"]
[BlackCountry "ENG"]
[WhiteElo "2117"]
[WhiteRD "76"]
[BlackElo "1540"]
[BlackRD "50"]
[GameID "368792"]

1. d4 d5 2. c4 e6 3. Nc3 Nf6 4. Bg5 Be7 5. e3 h6 6. Bh4 O-O 7. Rc1 c6 8. Nf3 Ne4 9. Bxe7 Qxe7 10. Bd3 Nxc3
11. bxc3 dxc4 12. Bxc4 Nd7 13. O-O e5 14. Qc2 exd4 15. exd4 Nf6 16. Rfe1 Qd6 17. Ne5 Nd7 18. Ng6 Rd8 19. Ne7+ Kh8 20. Bxf7 Nf6
21. Re6 Bxe6 22. Ng6+
1-0

[Event "Over The Hill Gang"]
[Site "SchemingMind.com"]
[Date "2014.11.11"]
[Round "-"]
[White "David Carter"]
[Black "bobbassbone"]
[Result "1-0"]
[WhiteCountry "USA"]
[BlackCountry "ENG"]
[WhiteElo "2117"]
[WhiteRD "76"]
[BlackElo "1590"]
[BlackRD "56"]
[GameID "368793"]

1. d4 c6 2. c4 d5 3. Nf3 Nf6 4. e3 Bg4 5. h3 Bxf3 6. Qxf3 e6 7. Nc3 Bb4 8. Bd2 Nbd7 9. Bd3 Qc7 10. O-O dxc4
11. Bxc4 Nb6 12. Bb3 Rd8 13. Rac1 O-O 14. e4 Bxc3 15. Bxc3 Rd7 16. d5 exd5 17. Bxf6 gxf6 18. exd5 Nxd5 19. Bxd5 Rxd5 20. Qxd5
1-0

[Event "Over The Hill Gang"]
[Site "SchemingMind.com"]
[Date "2014.11.11"]
[Round "-"]
[White "bobbassbone"]
[Black "David Carter"]
[Result "0-1"]
[WhiteCountry "ENG"]
[BlackCountry "USA"]
[WhiteElo "1566"]
[WhiteRD "55"]
[BlackElo "2040"]
[BlackRD "66"]
[GameID "368794"]

1. d4 d5 2. Bf4 Nf6 3. e3 Bf5 4. c3 Nbd7 5. Nf3 e6 6. Qb3 Qc8 7. Nbd2 Be7 8. h3 h6 9. Bb5 c6 10. Be2 O-O
11. g4 Bg6 12. Ne5 Nxe5 13. dxe5 Nd7 14. h4 Nc5 15. Qd1 Qd8 16. g5 hxg5 17. hxg5 Bxg5 18. Bh5 Nd3+ 19. Ke2 Nxf4+ 20. exf4 Bxf4
21. Bxg6 fxg6 22. Qc2 Qg5 23. Rag1 Qxe5+ 24. Kd1 Qf5 25. Rxg6 Qxc2+ 26. Kxc2 Bxd2 27. Kxd2 Rxf2+ 28. Kc1 Rf6 29. Rhg1 Rxg6 30. Rxg6 Kf7
31. Rg2 Rg8 32. Kd2 g5 33. Ke3 e5 34. Rg3 g4 35. Rg1 g3 36. Kf3 g2 37. Rxg2 Rxg2 38. Kxg2 Kf6 39. Kf2 Kf5 40. Kf3 c5
41. b3 e4+ 42. Ke3 Ke5 43. a3 d4+
0-1

[Event "Over The Hill Gang"]
[Site "SchemingMind.com"]
[Date "2014.11.11"]
[Round "-"]
[White "David Carter"]
[Black "Robert Bruce"]
[Result "1/2-1/2"]
[WhiteCountry "USA"]
[BlackCountry "SCO"]
[WhiteElo "2040"]
[WhiteRD "66"]
[BlackElo "2149"]
[BlackRD "67"]
[GameID "368795"]

1. d4 Nf6 2. c4 c5 3. d5 b5 4. cxb5 a6 5. bxa6 g6 6. Nc3 Bxa6 7. e4 Bxf1 8. Kxf1 d6 9. Nf3 Bg7 10. g3 O-O
11. Kg2 Nfd7 12. Bg5 Na6 13. Re1 h6 14. Bf4 Qa5 15. Rc1 g5 16. Be3 f5 17. Bxg5 fxe4 18. Nxe4 hxg5 19. Nfxg5 Nf6 20. Qd3 Nh7
21. Nxh7 c4 22. Qd1 Kxh7 23. Qh5+ Kg8 24. Ng5 Qxd5+ 25. Kg1 Rf6 26. Rxe7=
1/2-1/2

[Event "Over The Hill Gang"]
[Site "SchemingMind.com"]
[Date "2014.11.11"]
[Round "-"]
[White "Robert Bruce"]
[Black "David Carter"]
[Result "1-0"]
[WhiteCountry "SCO"]
[BlackCountry "USA"]
[WhiteElo "2149"]
[WhiteRD "67"]
[BlackElo "2040"]
[BlackRD "66"]
[GameID "368796"]

1. f4 e5 2. fxe5 d6 3. exd6 Bxd6 4. Nf3 g5 5. g3 g4 6. Nh4 Nc6 7. Bg2 Nge7 8. c3 Ng6 9. Nxg6 hxg6 10. d4 Rxh2
11. Bxc6+ bxc6 12. Rxh2 Bxg3+ 13. Rf2 Qh4 14. Be3 Qh2 15. Na3 f5 16. Qb3 Kf8 17. Qb4+ Ke8 18. Qc4 Bd7 19. Qg8+ Ke7 20. Bg5+
1-0

[Event "Over The Hill Gang"]
[Site "SchemingMind.com"]
[Date "2014.11.11"]
[Round "-"]
[White "David Carter"]
[Black "William Lindberg"]
[Result "0-1"]
[WhiteCountry "USA"]
[BlackCountry "USA"]
[WhiteElo "2040"]
[WhiteRD "66"]
[BlackElo "2181"]
[BlackRD "66"]
[GameID "368797"]

1. d4 Nf6 2. c4 e6 3. Nc3 d5 4. Bg5 Be7 5. e3 h6 6. Bh4 O-O 7. Rc1 c6 8. Nf3 Nbd7 9. Bd3 dxc4 10. Bxc4 b5
11. Bd3 b4 12. Na4 Bb7 13. O-O Rc8 14. Bxf6 Bxf6 15. Qe2 c5 16. Nxc5 Nxc5 17. Rxc5 Rxc5 18. dxc5 Qa5 19. b3 Qxc5 20. Nd2 Qa5
21. Nc4 Qg5 22. f4 Qc5 23. Kh1 Rd8 24. e4 Be7 25. Ne5 Bf6 26. Ng4 Bc3 27. f5 exf5 28. Rxf5 Qd4 29. Nf2 f6 30. h3 Kh8
31. Qh5 Qe3 32. Bc4 Qc1+ 33. Kh2 Be5+ 34. g3 Qc2 35. Qf3 Rd2 36. Kg2 Bxe4
0-1

[Event "Over The Hill Gang"]
[Site "SchemingMind.com"]
[Date "2014.11.11"]
[Round "-"]
[White "William Lindberg"]
[Black "David Carter"]
[Result "1-0"]
[WhiteCountry "USA"]
[BlackCountry "USA"]
[WhiteElo "2181"]
[WhiteRD "66"]
[BlackElo "2040"]
[BlackRD "66"]
[GameID "368798"]

1. c4 e6 2. Nf3 d5 3. d4 c6 4. Nc3 dxc4 5. e4 b5 6. e5 Bb7 7. Be2 Ne7 8. a4 a6 9. Ne4 Nd5 10. O-O h6
11. Bd2 Be7 12. b3 cxb3 13. Qxb3 O-O 14. Ne1 Nd7 15. Nc2 Qb8 16. Qg3 Kh7 17. Bd3 g6 18. Rab1 Kg7 19. Rfe1 Rh8 20. Nd6 Nf8
21. Ne3 Bg5 22. Nxd5 Bxd2 23. Qf3 f5 24. exf6+ Kh7 25. Rxe6 Nxe6 26. Bxg6+ Kg8 27. f7+ Kf8 28. Qf6 cxd5 29. Nf5
1-0

[Event "Over The Hill Gang"]
[Site "SchemingMind.com"]
[Date "2014.11.11"]
[Round "-"]
[White "David Carter"]
[Black "Ragusin"]
[Result "1-0"]
[WhiteCountry "USA"]
[BlackCountry "CRO"]
[WhiteElo "2060"]
[WhiteRD "62"]
[BlackElo "1722"]
[BlackRD "121"]
[GameID "368799"]

1. d4 Nf6 2. c4 e6 3. Nc3 Bb4 4. f3 d5 5. a3 Bxc3+ 6. bxc3 c5 7. e3 O-O 8. cxd5 Nxd5 9. Bd2 cxd4 10. cxd4 f5
11. Bd3 Qg5 12. Qe2 Qh4+ 13. g3 Qf6 14. Nh3 b6 15. O-O Bb7 16. Rac1 Nd7 17. Nf2 Rac8 18. e4 Ne7 19. Be3 e5 20. d5 f4
21. gxf4
1-0

[Event "Over The Hill Gang"]
[Site "SchemingMind.com"]
[Date "2014.11.11"]
[Round "-"]
[White "Ragusin"]
[Black "David Carter"]
[Result "0-1"]
[WhiteCountry "CRO"]
[BlackCountry "USA"]
[WhiteElo "1722"]
[WhiteRD "121"]
[BlackElo "2060"]
[BlackRD "62"]
[GameID "368800"]

1. Nf3 d5 2. d4 e6 3. c4 c6 4. cxd5 exd5 5. Qc2 Bd6 6. Nc3 Ne7 7. Bg5 f6 8. Bh4 Bf5 9. Qd2 O-O 10. e3 Re8
11. Bd3 Nd7 12. Bg3 Nf8 13. Bxd6 Qxd6 14. Qc2 Bg4 15. Be2 Nf5 16. h3 Bxf3 17. gxf3 Qe6 18. h4 Re7 19. O-O-O b5 20. h5 a5
0-1